Handbook of instructional leadership (Record no. 24218)

MARC details
000 -LEADER
fixed length control field 00611nam a22001937a 4500
003 - CONTROL NUMBER IDENTIFIER
control field OSt
005 - DATE AND TIME OF LATEST TRANSACTION
control field 20260615094125.0
008 - FIXED-LENGTH DATA ELEMENTS--GENERAL INFORMATION
fixed length control field 260615b |||||||| |||| 00| 0 eng d
020 ## - INTERNATIONAL STANDARD BOOK NUMBER
International Standard Book Number 9780761931140
040 ## - CATALOGING SOURCE
Transcribing agency Chuka University Library
050 ## - LIBRARY OF CONGRESS CALL NUMBER
Classification number LB 2806.4 .B6 2004
100 ## - MAIN ENTRY--PERSONAL NAME
Personal name Blase Joseph
9 (RLIN) 29064
245 ## - TITLE STATEMENT
Title Handbook of instructional leadership
Remainder of title : How successful principals promote teaching and learning
250 ## - EDITION STATEMENT
Edition statement 2nd Ed.
260 ## - PUBLICATION, DISTRIBUTION, ETC.
Place of publication, distribution, etc. Thousand oaks ,California
Name of publisher, distributor, etc. Corwin press
Date of publication, distribution, etc. 2004
300 ## - PHYSICAL DESCRIPTION
Extent various paging
Other physical details indexes
650 ## - SUBJECT ADDED ENTRY--TOPICAL TERM
Topical term or geographic name entry element Instructional leadership
9 (RLIN) 29065
942 ## - ADDED ENTRY ELEMENTS (KOHA)
Source of classification or shelving scheme Library of Congress Classification
Koha item type Long Loan Books
Suppress in OPAC No
Holdings
Withdrawn status Lost status Source of classification or shelving scheme Damaged status Not for loan Collection Home library Current library Shelving location Date acquired Source of acquisition Cost, normal purchase price Total Checkouts Full call number Barcode Date last seen Copy number Price effective from Koha item type
    Library of Congress Classification     General Collection Books Main Campus Library Main Campus Library General Stacks 15/06/2026 Donations from books for Africa 3130.00   LB 2806.4 .B6 2004 34282/2026 15/06/2026 C.1 15/06/2026 Long Loan Books

Powered by Koha